| 000 | 01231cam a2200349 i 4500 | ||
|---|---|---|---|
| 999 |
_c200440678 _d58890 |
||
| 001 | 200440678 | ||
| 003 | TR-AnTOB | ||
| 005 | 20220909112514.0 | ||
| 007 | ta | ||
| 008 | 860114s1985 gw a 000 0 ger | ||
| 010 | _a 86103951 | ||
| 020 | _a3782203763 | ||
| 035 | _a(TR-AnTOB)200440678 | ||
| 040 |
_aDLC _beng _erda _cDLC _dDLC _dTR-AnTOB |
||
| 041 | 0 | _ager | |
| 043 | _ae-gw--- | ||
| 050 | 0 | 0 |
_aHC289.H2 _bG76 1985 |
| 090 |
_aHC289.H2 _bG76 1985 |
||
| 100 | 1 |
_aGrobecker, Kurt _eauthor _9130297 |
|
| 245 | 1 | 0 |
_aHafen Hamburg : _bSkizzenblätter der Nachkriegsgeschichte / _cKurt Grobecker ; mit Beiträgen von Franz Kalischer [and others] ; zum 100jährigen Jubiläum herausgegeben von der Hamburger Hafen- und Lagerhaus-Aktiengesellschaft. |
| 264 | 1 |
_aHerford : _bKoehlers Verlagsgesellschaft, _c1985. |
|
| 300 |
_a173 pages : _billustrations ; _c29 cm |
||
| 336 |
_atext _btxt _2rdacontent |
||
| 337 |
_aunmediated _bn _2rdamedia |
||
| 338 |
_avolume _bnc _2rdacarrier |
||
| 650 | 0 |
_aIndustries _zGermany _zHamburg _xHistory _9130298 |
|
| 651 | 0 |
_aHamburg (Germany) _xCommerce _xHistory _9130299 |
|
| 700 | 1 |
_aKalischer, Franz _9130300 |
|
| 942 |
_2lcc _cBK |
||